Museo de la aviación naval.
Guardado en:
| Formato: | |
|---|---|
| Series: | Lugares comunes
|
| Materias: | |
| Etiquetas: |
Agregar Etiqueta
Sin Etiquetas, Sea el primero en etiquetar este registro!
|
| LEADER | 00900ngm a22002535g 4500 | ||
|---|---|---|---|
| 001 | CEM.cems022403 | ||
| 008 | 130507b1998##################0###0#####d | ||
| 005 | 20241031182422.0 | ||
| 245 | 0 | 0 | |a Museo de la aviación naval. |
| 300 | |a 29'. | ||
| 490 | 0 | |a Lugares comunes | |
| 500 | |a En soporte VHS, consultar en ventanilla. | ||
| 505 | 0 | |a Museo de la aviación naval: su creación. Disposición de los objetos. Descripción de los mismos. Aviones: reconstrucción y mantenimiento. | |
| 538 | |a Soporte: VHS - Norma: Pal N - Color: Si - Grabación DRD 1998 - Hitachi=0000 | ||
| 082 | 9 | 1 | |. 1/BAH-3 |
| 653 | |a BAHIA BLANCA | ||
| 653 | |a ARMADA ARGENTINA | ||
| 653 | |a AVIACION NAVAL | ||
| 653 | |a MUSEO NAVAL | ||
| 653 | |a AVIONES | ||
| 653 | |a BASE AERONAVAL | ||
| 653 | |a NIVEL PRIMARIO | ||
| 653 | |a NIVEL SECUNDARIO | ||
| 859 | |a CEMS |b BIB. CEMS - Depto. Recursos Didacticos |h 918.1 |i BAH-3 |k DRD |p 1046.12 |t Ej.1 | ||
